000
00264 a2200121 4500
001
66239
082
_a
341.6 LAN
090
_c
38524
_d
38524
100
_a
F Lang, Jr
245
_a
War, Torture and Terrorism
260
_a
USA
_b
Routledge
_c
2009
300
_a
213p.
942
_a
NUST-CAE
_k
341.6 LAN
999
_c
301312
_d
301312